LEADER 01893nas 2200577-a 450 001 9910139155703321 005 20200605082151.5 035 $a(DE-599)ZDB2725102-0 035 $a(OCoLC)747936762 035 $a(CKB)2560000000077324 035 $a(CONSER)--2011243611 035 $a(EXLCZ)992560000000077324 100 $a20110808b20102013 --- - 101 0 $aeng 135 $aur||||||||||| 181 $ctxt$2rdacontent 182 $cc$2rdamedia 183 $acr$2rdacarrier 200 00$aCADTH technology overviews 210 $aOttawa $cCanadian Agency for Drugs and Technologies in Health$d2010-[2013] 311 $a1481-4501 517 1 $aTechnology overviews 517 1 $aCADTH technol. overv 531 $aCADTH TECHNOL OVERV 531 1 $aTechnol. overv. 606 $aPharmaceutical technology$vPeriodicals 606 $aMedical technology$xEvaluation$vPeriodicals 606 $aTechnology Assessment, Biomedical 606 $aMedical Laboratory Science 606 $aTechnology, Pharmaceutical 606 $aMedical technology$xEvaluation$2fast$3(OCoLC)fst01014750 606 $aPharmaceutical technology$2fast$3(OCoLC)fst01060211 607 $aCanada 608 $aElectronic journals. 608 $aPeriodical. 608 $aFulltext. 608 $aInternet Resources. 608 $aPeriodicals. 608 $aPeriodicals.$2fast 615 0$aPharmaceutical technology 615 0$aMedical technology$xEvaluation 615 12$aTechnology Assessment, Biomedical. 615 22$aMedical Laboratory Science. 615 22$aTechnology, Pharmaceutical. 615 7$aMedical technology$xEvaluation. 615 7$aPharmaceutical technology. 712 02$aCanadian Agency for Drugs and Technologies in Health. 906 $aJOURNAL 912 $a9910139155703321 996 $aCADTH technology overviews$92293044 997 $aUNINA